000 00632nam a22002057a 4500
001 57772
005 20260418170711.0
008 260309s2005 nyu||||| |||| 00| 0 eng d
020 _a9781401307783
040 _aBD-DhIUB
_cBD-DhIUB
_dBD-DhIUB
082 _222
_a155.9042
_bK112w
100 _aKabat-Zinn, Jon
_97142
245 _aWherever you go, there you are:
_bminfulness meditation in everyday life /
_cJon Kabat-Zinn
260 _aNew York:
_bHyperion,
_c2005
300 _axxi, 280 p. :
_c22 cm.
526 _aLIB
_lGEN
650 0 _aPsychology, Comparative.
_92381
650 0 _aMindfulness Meditation
_97143
942 _2ddc
_cBK
999 _c57772
_d57946